Регионална библиотека "Любен Каравелов" - Русе

Сурва година (Запис номер 315270)

MARC детайли
000 -Лидер
Контролно поле с фиксирана дължина 00898nja a2200205 a 4500
003 - Код на организацията, давaща контролен номер
Контролно поле BLK
005 - Дата и час на последна редакция
Контролно поле 20240403085914.0
008 - Елементи от данни с фиксирана дължина
fixed length control field 180414c bul|r|ner|||| 00| c0bul d
010 ## - Наследен системен номер
LC control number NOT00003072158
040 ## - Източник на каталожния запис
Идентификатор на билиотеката - собственик на записа BLK
100 ## - Редна дума - Автор
Автор Атанасов - Маестро, Георги
Автор - информация (биография) Георгиев, Георги Атанасов (Маестро). Български музикален деец и композитор.
Дати, свързани с автора 1882 - 1931
Пълна форма на името Георгиев, Георги Атанасов
R(LIN) 388678
245 10 - Сведения за заглавието
Заглавие Сурва година
Редно поле (дума) Георги Атанасов - Маестро.
257 ## - Страна на издаване
Страна на създаване/издаване България
380 ## - Жанр
Жанр Изкуство
773 ## - Описание на основна библиографска единица при аналитични записи (многотомни)
Host Biblionumber 315112
Host Itemnumber 667894
Редна дума на основното описание Атанасов - Маестро, Георги
Заглавие Годината в песни
852 ## - Местоположение
Форматна сигнатура Цб М ІІ 11784
942 ## - АРТИКУЛИ
Вид на библиотечния материал Нотни издания
Скрит в OPAC Не
944 ## - СЪЗДАВАНЕ И РЕДАКЦИЯ на ЗАПИСА
Създаване/Редакция Създаване
Дата на регистрацията/редакция 14.01.2010
Служител, извършил регистрацията/редакцията 30570
Статус, дата на статуса Моника Янева
944 ## - СЪЗДАВАНЕ И РЕДАКЦИЯ на ЗАПИСА
Създаване/Редакция Редакция
Дата на регистрацията/редакция 12.11.2014
Служител, извършил регистрацията/редакцията Виолета_Тройчева
999 ## - СИСТЕМНИ КОНТРОЛНИ НОМЕРА
Koha biblionumber 315270
Koha biblioitemnumber 315270
Наличности
Код за отписване Код за изгубен артикул Код за повреда Коз за рестрикции Код за отдаване Артикулен № Име на библиотеката - собственик Име на библиотеката, в която се намира в момента Статус (Текущо местоположение) Дата на вписване в системата Местоположение - отдел Цена в лева Инвентарен номер Систематично азбучна сигнатура Баркод Номер на екземпляра Цена в евро Служебна бележка Служебен тип на артикула Бележка за публиката
  Не е изгубен Не е повреден само за читалня ползва се в читалня 668052 Регионална библиотека "Любен Каравелов" Русе Регионална библиотека "Любен Каравелов" Русе Аналитични записи 2018-04-14 Аналитични записи 0.00 915800003072 Цб М ІІ 11784 915800003072 158 0.00 аналитичен запис Статия Това е описние на част от артикул: Годината в песни
Vip Innovations Ltd, Rousse, Bulgaria 2025